Survival or extinction : proceedings of a conference held at the Royal Botanic Gardens, Kew, entitled The Practical Role of Botanic Gardens in the Conservation of Rare and Threatened Plants, 11-17 September 1978 /

Bibliographic Details
Corporate Authors: Royal Botanic Gardens, Kew, Conference on the Practical Role of Botanic Gardens in the Conservation of Rare and Threatened Plants
Other Authors: Synge, Hugh, Townsend, Harry (D. W. Harry)
Format: Conference Proceeding Book
Language:English
Published: Kew, England : Bentham-Moxon, 1979.
Subjects:

MARC

Tag First Indicator Second Indicator Subfields
LEADER 00000cam a2200000 a 4500
001 in00000071703
005 20151008062343.0
008 810812s1979 enkab b 10100 eng
010 |a  80149001  
015 |a GB80-25859 
020 |a 0950487627 (pbk.) :  |c 7.50 
035 |a (OCoLC)07733491 
035 |9 AAK0045AM 
039 0 |a 2  |b 3  |c 3  |d 3  |e 3 
040 |a DLC  |c DLC  |d TXA  |d UtOrBLW 
049 |a TXAM  |c [1441968] 
050 0 0 |a QK86.A1  |b S83 
082 0 |a 333.95/3  |2 19 
245 0 0 |a Survival or extinction :  |b proceedings of a conference held at the Royal Botanic Gardens, Kew, entitled The Practical Role of Botanic Gardens in the Conservation of Rare and Threatened Plants, 11-17 September 1978 /  |c edited by Hugh Synge and Harry Townsend. 
264 1 |a Kew, England :  |b Bentham-Moxon,  |c 1979. 
300 |a ix, 250 pages :  |b illustrations, maps ;  |c 24 cm. 
336 |a text  |b txt  |2 rdacontent 
337 |a unmediated  |b n  |2 rdamedia 
338 |a volume  |b nc  |2 rdacarrier 
504 |a Includes bibliographies and index. 
650 0 |a Plant conservation  |v Congresses. 
650 0 |a Botanical gardens  |x Congresses. 
700 1 |a Synge, Hugh. 
700 1 |a Townsend, Harry  |q (D. W. Harry) 
710 2 |a Royal Botanic Gardens, Kew. 
711 2 |a Conference on the Practical Role of Botanic Gardens in the Conservation of Rare and Threatened Plants  |d (1978 :  |c Kew, England) 
999 |a MARS 
999 f f |s de996109-79e0-34fe-9a97-1b628d141cb8  |i 2910500b-55a7-3ad4-b022-a41179d4f39a  |t 0 
952 f f |p ric  |a Texas A&M University  |b Rellis Campus  |c Joint Library Facility  |d Remote Storage  |t 0  |e QK86.A1 S83  |h Library of Congress classification  |i unmediated -- volume  |m A14806218535 
998 f f |a QK86.A1 S83  |t 0  |l Remote Storage